Statistics for Historical Timeline of Vietnam

Click here to take the quiz!

General Stats

  • This quiz has been taken 30 times
  • The average score is 16 of 23

Answer Stats

YearHintAnswer% Correct
1955S____ VietnamSouth Vietnam
96%
1945N____ VietnamNorth Vietnam
96%
802Khm__ EmpireKhmer Empire
91%
1802Ngu___ DynastyNguyen Dynasty
87%
1887F_____ IndochinaFrench Indochina
87%
43Second C______ DominationSecond Chinese Domination
83%
602Third C______ DominationThird Chinese Domination
83%
111 BCFirst C______ DominationFirst Chinese Domination
83%
1407Fourth C______ DominationFourth Chinese Domination
83%
980Early L_ DynastyEarly Le Dynasty
78%
1428L_ DynastyLe Dynasty
78%
544Early L_ DynastyEarly Ly Dynasty
74%
1009L_ DynastyLy Dynasty
74%
1225Tr__ DynastyTran Dynasty
74%
1400H_ DynastyHo Dynasty
74%
939Ng_ DynastyNgo Dynasty
70%
40Tru__ SistersTrung Sisters
61%
192Cham__ KingdomChampa Kingdom
61%
1778Tay S__ DynastyTay Son Dynasty
52%
204 BCNany__ KingdomNanyue Kingdom
35%
968Di__ DynastyDing Dynasty
26%
68Fun__ KingdomFunan Kingdom
26%
550Chen__ KingdomChenla Kingdom
13%

Score Distribution

Percentile by Number Answered

Percent of People with Each Score

Your Score History

You have not taken this quiz